| 000 | 00590nam a2200157Ia 4500 | ||
|---|---|---|---|
| 008 | 240428s9999||||xx |||||||||||||| ||und|| | ||
| 041 | _aeng | ||
| 082 | _aMTEF/NCCE/22 | ||
| 100 | _aMinistry of Finance | ||
| 245 | 0 | _aMedium Term Expenditure Framework(MTEF) F0r 2022-202 (National Commission For Civic Education) Programme Based For 2022 | |
| 260 |
_bMinistry of Finance _a[Accra] : _c2022 |
||
| 300 | _av, 47p; diag, photos,tabs. | ||
| 650 | _aMedium Term Expenditure Framework - Programme Based For 2022 - Medium Term Expenditure FramNational Commission Fo | ||
| 942 | _cAE | ||
| 999 |
_c817 _d817 |
||